State finance audit report of the Comptroller and Auditor General of India for the year ended March 2022 (Record no. 523854)

000 -LEADER
fixed length control field 00419nam a2200109 4500
082 ## - DEWEY DECIMAL CLASSIFICATION NUMBER
Classification number L906x54444 C/F/2022-23
245 ## - TITLE STATEMENT
Title State finance audit report of the Comptroller and Auditor General of India for the year ended March 2022
260 ## - PUBLICATION, DISTRIBUTION, ETC. (IMPRINT)
Place of publication, distribution, etc Bangalore
Name of publisher, distributor, etc Government of Karnataka
Date of publication, distribution, etc 2023
300 ## - PHYSICAL DESCRIPTION
Extent 197p.
650 ## - SUBJECT ADDED ENTRY--TOPICAL TERM
Topical term or geographic name as entry element Auditing - India - Karnataka
9 (RLIN) 19586
700 ## - ADDED ENTRY--PERSONAL NAME
Personal name Karnataka. Indian Audit and Accounts Department
9 (RLIN) 19587
Holdings
Withdrawn status Lost status Source of classification or shelving scheme Damaged status Koha normalized classification for sorting Not for loan Permanent location Current location Date acquired Full call number Barcode Date last seen Price effective from Koha item type
        L_906X54444_C_F_202223   Indian Institute of Public Administration Indian Institute of Public Administration 2023-10-06 L906x54444 C/F/2022-23 gg35040 2023-10-06 2023-10-06 GG

Powered by Koha